Cómo piensan los "indios" : (Record no. 23631)

000 -CABECERA
fixed length control field 01072nam a22002297i 4500
003 - IDENTIFICADOR DEL NÚMERO DE CONTROL
control field AR-CdUCM
008 - DATOS DE LONGITUD FIJA--INFORMACIÓN GENERAL
fixed length control field 260424b20222022 pe||||| |||| 00| 0 spa d
020 ## - NÚMERO INTERNACIONAL ESTÁNDAR DEL LIBRO
ISBN 978-612-317-728-7
040 ## - FUENTE DE LA CATALOGACIÓN
Agencia/entidad que catalogó originalmente la obra MUNICIPALIDAD PROVINCIAL DEL CUSCO
Entidad que transcribió la catalogación BIBLIOTECA MUNICIPAL DEL CUSCO
082 ## - NÚMERO DE LA CLASIFICACIÓN DECIMAL DEWEY
No. de Clasificación 305.80
Notacion interna L21
100 ## - ENTRADA PRINCIPAL--NOMBRE DE PERSONA
Nombre Personal Lamara, Gonzalo
245 ## - MENCIÓN DE TÍTULO
Título Cómo piensan los "indios" :
260 ## - PUBLICACIÓN, DISTRIBUCIÓN, ETC.
Lugar de publicación, distribución, etc. Lima-Perú:
Nombre de la editorial, distribuidor, etc. Pontificia Universidad Católica del Perú - Fondo Editorrial
Fecha de publicación, distribución, etc. 2022
300 ## - DESCRIPCIÓN FÍSICA
Nº de Páginas Extensión 243 páginas. :
Dimensiones 24x17 cm.
500 ## - NOTA GENERAL
Bibliografía Páginas: 221-243
505 ## - NOTA DE CONTENIDO CON FORMATO
Nota de contenido formateada Una inteligencia material -- Historia, raza y gracia para la gente que ve al mundo a través de la blanquitud -- El presente colonial explicado a hombres ciegos que están cabeza abajo -- Los Comentarios Reales de los Incas; o lo que realmente pensamos a cerca de lo que piensas y lo que hacemos con ello -- Relatos del inframundo e indios impensables
650 ## - PUNTO DE ACCESO ADICIONAL DE MATERIA--TÉRMINO DE MATERIA
Descriptor Inteligencia material
9 (RLIN) 52676
856 ## - LOCALIZACIÓN Y ACCESO ELECTRÓNICOS
Dirección electrónica www.pucp.edu.pe/publicaciones
942 ## - ELEMENTOS DE PUNTO DE ACCESO ADICIONAL (KOHA)
Fuente de clasificación
Tipo de item Libros-BMC
945 ## - PROCESAMIENTO DE INFORMACIÓN LOCAL (OCLC)
Catalogador pbjr
AAAA-MM-DD - Fecha de ingreso o modificacion 24-04-2026
Holdings
Estado de retiro (separado) Fuente de clasificación o esquema de estanterías Estado dañado Ubicación Sala donde se ubica Nombre de la colección Fecha de adquisición o compra Fuente de adquisición Costo, precio normal en soles Signatura topográfica Código de Barras Última vez visto (Koha) Tipo de ítem (Koha)
No     Sala Humanidades Sala Humanidades Book Cart 2026-04-24 Donación 30.00 305.80 / L21 SH0000017112 2026-04-24 Libros-BMC

Powered by Koha